000 00806nam a22002777a 4500
003 CHAP
005 20220329140616.0
008 971013s1976 r 00010 d
010 _a54697
011 _a55669
035 _a59821
040 _cCHAP
082 _a576
_bS42Y
100 0 0 _aSenez, Jaques C.
_9104414
245 _aMicrobiología general
260 _aMadrid :
_bAlahambra,
_c1976
300 _a526 p.
_b: ilus. ; gráfs.
590 _aBATCH-UPD
_b10
_c20130110
_lUCH01
_h0556
590 _aBATCH-UPD
_b10
_c20130410
_lUCH01
_h0237
590 _aBATCH-UPD
_b10
_c20130914
_lUCH01
_h1817
590 _aCONVERSION
_b10
_c20130109
_lUCH01
_h1330
650 1 4 _aMicrobiología.
_975490
901 _aBK
942 _cLIBRO
949 _a576 S42Y
_bBC
_cLIBRO
_d33724000804498
_eLIBRO
_fc.2
_h48266
_i59821
_si
999 _c54697
_d54697